000
nam a22 7a 4500
999
_c
46456
_d
46456
003
OSt
005
20190416145506.0
008
190416b xxu||||| |||| 00| 0 eng d
040
_c
sero soft
100
_a
Sharma,R.C
245
_a
modern science teaching
260
_a
Delhi
_b
Dhanpat
300
_a
434
942
_2
ddc
_c
02